Statistiques concernant Vainqueurs des trophées français (Foot)

Cliquez ici pour prendre le quiz!

Statistiques générales

  • Ce quiz a été pris 117 fois
  • Le résultat moyen est 18 sur 20

Statistiques - réponses

Answer % Correct
Paris Saint-Germain
100%
AS Monaco
100%
Olympique de Marseille
100%
Olympique Lyonnais
99%
Stade Rennais
99%
LOSC Lille
98%
Girondins de Bordeaux
98%
RC Strasbourg
98%
Montpellier HSC
97%
AS Saint-Étienne
96%
FC Nantes
95%
RC Lens
92%
EA Guingamp
89%
AJ Auxerre
89%
OGC Nice
83%
FC Metz
79%
FC Sochaux
73%
AS Nancy
73%
FC Lorient
62%
FC Gueugnon
46%

Distribution des résultats

Percentile par nombre de réponses

% des personnes avec chaque résultat

Votre développement - résultats

Vous n’avez pas pris ce quiz